[Event "FIDE Womens World Cup 2021"]
[Site "Sochi"]
[Date "2021.07.23"]
[Round "4.2"]
[White "Kashlinskaya, Alina"]
[Black "Saduakassova, Dinara"]
[Result "1/2-1/2"]
[WhiteElo "2488"]
[BlackElo "2483"]
[Annotator "TA"]
[PlyCount "88"]
[EventDate "2021.07.12"]
[EventType "k.o."]
[EventCountry "RUS"]
[SourceTitle "playchess.com"]
[Source "ChessBase"]
[SourceQuality "1"]

{[%evp 11,88,23,14,0,0,0,0,0,45,0,10,0,0,-8,-5,-22,13,24,14,0,11,7,0,6,48,-13,32,-73,-82,-68,-77,-78,0,0,0,0,0,-71,0,-16,0,-77,0,0,17,21,0,-30,36,47,38,36,39,0,0,-26,-53,-48,0,0,0,-45,-45,-45,-41,-47,-14,-18,0,0,0,0,0,0,0,0,0,-20,0]} 1. d4 Nf6 2. c4 e6 3. Nf3 b6 4. g3 Ba6 5. Qc2 Bb7 6. Bg2 c5 7. d5 {E15: Queen's Indian: 4 g3 sidelines, 4 g3 Ba6 and 4 g3 Bb7 early deviations.} exd5 8. cxd5 Nxd5 9. O-O Be7 10. Rd1 {[%mdl 1024] White has compensation.} Nc6 $1 {The main line 10...Nc6 scores better than 10...Qc8.} 11. Qa4 ({Don't go for} 11. Rxd5 $2 Nb4 $17) 11... Nf6 12. Nc3 O-O 13. g4 d6 14. g5 {aiming for Nd2.} Ne8 {[#]} 15. Ne5 $1 Nxe5 16. Bxb7 Rb8 17. Bg2 {[#]} a6 $146 ({But not} 17... Bxg5 $6 18. Bxg5 Qxg5 19. f4 $16) ({Predecessor:} 17... Nc7 18. Bf4 Ng6 19. Bg3 b5 20. Qg4 Qc8 21. Qxc8 Rfxc8 22. Ne4 Ne8 23. Nxd6 Nxd6 24. Bxd6 Bxd6 25. Rxd6 {½-½ (62) Ding,L (2742)-Harikrishna,P (2725) Kocaeli 2014}) 18. Qxa6 (18. f4 $14 b5 19. Qe4 (19. Qxa6 Nc7 $14)) 18... Nc7 19. Qa7 {[#]} (19. Qa4 $1 $14 {keeps the upper hand.}) 19... Ng6 $1 $17 20. Nd5 Nxd5 21. Rxd5 Ra8 (21... f6 $17) 22. Qb7 $11 Ra4 23. b3 $36 {[%mdl 2048] White is more active.} Rh4 24. Rf5 (24. Be3 $11) 24... Rd4 ({Black should play} 24... Rb4 $17) 25. Rd5 $1 Rh4 (25... Rxd5 $11 26. Qxd5 Kh8) 26. Rf5 $17 f6 (26... Rg4 $17 {Threatens to win with ...Nh4.} 27. Qf3 {[#]} Rxg2+ $1 {[%mdl 64] Decoy} 28. Qxg2 Nh4 {[%mdl 64] Double Attack}) 27. Bb2 $11 fxg5 28. Qd5+ Kh8 29. e3 Rg4 ({Black should try} 29... Rxf5 $11 30. Qxf5 Rh6) 30. Rxf8+ $14 Qxf8 31. h3 Rh4 {[%cal Bg4h4,Bh4h6,Bh6f6][%mdl 32]} 32. Qe6 Rh6 33. Rd1 (33. a4 $5 {[%cal Ra4a5]} Ne5 34. Qd5 $11) 33... Ne5 $1 34. Qd5 Rf6 (34... g4 {is more complex.} 35. hxg4 Nxg4 36. Qf3 Qxf3 37. Bxf3 Rg6) 35. Bxe5 dxe5 36. Qxe5 Rxf2 37. Rf1 Rxf1+ 38. Bxf1 Bf6 39. Qe6 {The position is equal.} Qb8 40. Bc4 Qg3+ 41. Kf1 {[%csl Gc4][%cal Re6g8]} Qf3+ 42. Kg1 {[%csl Gc4][%cal Re6g8]} Qg3+ 43. Kf1 {[%csl Gc4][%cal Re6g8]} Qf3+ 44. Kg1 {[%csl Gc4][%cal Re6g8]} Qg3+ {Weighted Error Value: White=0.17/Black=0.20} 1/2-1/2

[Event "FIDE Womens World Cup 2021"]
[Site "Sochi"]
[Date "2021.07.23"]
[Round "4.2"]
[White "Batsiashvili, Nino"]
[Black "Gunina, Valentina"]
[Result "0-1"]
[WhiteElo "2487"]
[BlackElo "2437"]
[Annotator "TA"]
[PlyCount "132"]
[EventDate "2021.07.12"]
[EventType "k.o."]
[EventCountry "RUS"]
[SourceTitle "playchess.com"]
[Source "ChessBase"]
[SourceQuality "1"]

{[%evp 9,132,12,6,11,11,2,1,8,7,12,10,6,29,0,2,-10,15,0,0,0,25,23,16,-9,0,-8,-8,-14,-12,-12,0,-7,0,-10,-8,-10,-6,-15,-14,-12,-5,-12,-8,-20,-12,-68,-12,-12,-12,-12,0,-12,-12,-21,-14,-20,-22,-22,-10,-14,-17,-20,0,-3,0,-2,16,20,22,15,14,-117,-115,-112,-110,-111,-113,-106,-110,-110,-106,-113,-105,-166,-54,-180,-180,-302,-295,-417,-409,-559,-560,-441,-416,-401,-377,-740,-710,-892,-864,-891,-885,-1237,-1008,-991,-991,-945,-924,-902,-896,-890,-890,-1044,-1036,-932,-818,-10945,-9456,-6085,-2562,-12836,-12836,-2900,-2406]} 1. d4 d5 2. c4 c6 3. Nf3 Nf6 4. g3 Bf5 5. Nc3 e6 6. Nh4 {D11: Slav Defence: 3 Nf3 sidelines and 3...Nf6 4 e3 Bg4.} dxc4 7. Nxf5 exf5 8. e3 {The position is equal.} Nbd7 9. Bxc4 {aiming for Qb3!} Nb6 10. Bb3 Qd7 11. Qf3 Be7 12. Bd2 {[#]} g6 $146 ({Predecessor:} 12... a5 13. a3 a4 14. Ba2 O-O 15. O-O g6 16. Rfd1 Nbd5 17. Rac1 Rfd8 18. Rc2 h5 {½-½ (25) Swapnil,S (2516)-Himanshu,S (2514) Ahmedabad 2017}) 13. Rd1 O-O 14. O-O Bb4 15. a3 Bxc3 16. Bxc3 Nbd5 17. Bd2 Ne4 18. Bc1 Rfe8 19. Qg2 Nef6 20. Rfe1 Re7 21. Re2 Rae8 22. Rde1 Qc7 23. f3 Qb6 24. Ba2 h5 25. Kh1 Qb5 26. Bb1 Qc4 27. Bc2 (27. Qf2 $11) 27... Nc7 (27... h4 $15 28. Qf2 hxg3 29. hxg3 Kg7) 28. Rd1 $11 Ne6 29. Rf2 Nc7 {Hoping for ...Ncd5.} 30. Re2 Nb5 31. Bd3 Qb3 32. Bc2 Qd5 33. Bd3 a6 34. Rc2 Qd6 35. Qf2 Nc7 36. Rf1 Ne6 37. Bc4 b5 38. Ba2 Nc7 39. e4 fxe4 {And now ...e3 would win.} 40. fxe4 (40. Bf4 $1 $11 {was the only way to keep the balance.} Qd7 41. Be5) 40... Nxe4 $17 41. Qf3 {[%cal Ra2f7]} Nd5 42. Bf4 Qf6 43. Be5 Qxf3+ 44. Rxf3 Re6 45. h4 Rd8 46. Re2 {[#]} (46. Bxd5 $17 cxd5 47. Kg1) 46... f5 (46... Nd6 $1 $19 47. Ref2 Rd7 48. Bxd5 cxd5 49. Bxd6 Rexd6) 47. Kg1 {[#] White does not recover from this.} (47. b4 $1 $15) 47... c5 $1 $19 48. Bb1 (48. Kf1 $142) 48... cxd4 49. Bxd4 {[#]} (49. Bxe4 $142 Rxe5 {[%mdl 64] Pin} 50. Bxd5+ Rdxd5 51. Rc2) 49... Ng5 $1 {[%mdl 576] Discovered Attack} 50. hxg5 (50. Kf2 Rxe2+) 50... Rxe2 51. Ba2 {Threatening Bf6.} Kf8 52. Rd3 {With the idea Bc5+.} Ke8 53. Kf1 $2 {[#]} (53. Bh8 Ne3 54. Bf7+ Kxf7 55. Rxd8) 53... Nf4 $1 {[%mdl 512] Black is clearly winning.} 54. gxf4 (54. Re3+ Rxe3) 54... Re4 $1 {[%csl LRd4,LRf4][%mdl 64] Double Attack} 55. Rc3 Rexd4 {[%mdl 4096] Endgame KRR-KRB} 56. Rc7 Rxf4+ 57. Ke2 Re4+ 58. Kf3 Rd3+ 59. Kf2 Rd6 60. Rc8+ Kd7 61. Ra8 h4 62. Ra7+ Kc8 63. Rg7 h3 64. Rh7 h2 65. Bb1 Rd2+ 66. Kf3 Re1 {Weighted Error Value: White=0.35/Black=0.10} 0-1

[Event "FIDE Womens World Cup 2021"]
[Site "Sochi"]
[Date "2021.07.23"]
[Round "4.2"]
[White "Paehtz, Elisabeth"]
[Black "Muzychuk, Anna"]
[Result "0-1"]
[WhiteElo "2466"]
[BlackElo "2527"]
[Annotator "TA"]
[PlyCount "142"]
[EventDate "2021.07.12"]
[EventType "k.o."]
[EventCountry "RUS"]
[SourceTitle "playchess.com"]
[Source "ChessBase"]
[SourceQuality "1"]

{[%evp 10,142,0,-13,14,-15,1,-25,-14,-28,-26,-31,-9,-31,-31,-27,3,-33,-8,-25,-13,-30,-9,-28,-21,-56,-67,-72,-77,-55,-54,-51,-66,-54,-38,-37,-44,-46,-38,-58,-45,-33,-45,-198,-205,-197,-204,-195,-200,-201,-187,-238,-235,-222,-189,-190,-131,-127,-121,-170,-168,-152,-156,-176,-184,-182,-175,-210,-213,-213,-193,-176,-150,-168,-168,-168,-168,-145,-147,-159,-147,-171,-171,-166,-166,-290,-287,-266,-258,-243,-235,-378,-356,-333,-336,-243,-147,-117,-101,-101,-108,-98,-108,-111,-111,-119,0,-91,-8,-8,-8,-8,-8,-8,-8,-21,-16,-180,-171,-592,-592,-591,-591,-29970,-29971,-29967,-29971,-29969,-29972,-29973,-29974,-29979,-29980,-29979,-29980]} 1. e4 e5 2. Nc3 Nc6 3. g3 Bc5 4. Bg2 a6 5. d3 d6 6. Nge2 Be6 {C25: Vienna Game: Alternatives to 2...Nf6.} 7. h3 Qd7 8. Nd5 {[#]} f5 $146 {Black has an edge.} ({Predecessor:} 8... Bxd5 9. exd5 Qf5 10. O-O Nce7 11. d4 exd4 12. Nxd4 Bxd4 13. Qxd4 Nf6 14. Re1 Kf8 {1-0 (40) Paulsen,L-Meitner,P Vienna 1873}) 9. c3 fxe4 10. dxe4 Nge7 11. Qd3 O-O 12. Be3 Bxe3 13. Qxe3 Rae8 14. h4 (14. Qd2 {seems wilder.} a5 15. c4 b6 16. b3 a4 17. b4) 14... Nd8 {[%cal Bc6d8,Bd8f7,Bf7h6,Bh6g4][%mdl 32]} 15. O-O Nxd5 16. exd5 Bh3 17. Rad1 Nf7 18. Kh2 Bxg2 19. Kxg2 Qa4 20. Nc1 Nh6 21. Qe2 Ng4 22. b3 $1 {[%cal Rb3a4]} Qd7 23. f3 Nf6 24. Qd3 Rf7 25. Ne2 Rfe7 26. Qc4 ({White should try} 26. Qd2 $1 $15) 26... e4 $19 27. Nf4 exf3+ 28. Rxf3 Ng4 $1 29. Ne6 Ne5 {[%csl LRc4,LRf3][%mdl 64] Double Attack} 30. Rdf1 (30. Qe2 $142 Nxf3 31. Qxf3) 30... Nxf3 31. Rxf3 b5 32. Qd3 Rxe6 (32... c6 $19 33. c4 h6) 33. dxe6 $17 Qxe6 $19 {[%mdl 4096] Endgame KQR-KQR} 34. Rf2 Qe4+ $1 35. Qxe4 Rxe4 {KR-KR} 36. Kf3 d5 37. Rd2 c6 38. b4 Rc4 39. Rd3 h5 40. Ke2 Kh7 41. Rf3 g5 42. hxg5 Kg6 43. Kd3 Kxg5 44. Rf8 Rg4 45. Rg8+ Kf5 46. Rf8+ Ke5 47. Re8+ (47. Rf3 $142) 47... Kd6 48. Re3 c5 49. bxc5+ Kxc5 50. Kc2 (50. Rf3 {was called for.}) 50... Re4 51. Rf3 Re2+ 52. Kb3 a5 {[%cal Ba6a5,Ba5a4][%mdl 32]} 53. Rf8 a4+ 54. Ka3 Re3 55. Rc8+ Kb6 $1 56. Rb8+ Ka6 57. Ra8+ Kb6 58. Rb8+ $1 Kc7 (58... Kc6 $1 $17 59. Rc8+ Kd7) 59. Rxb5 $11 Kc6 60. Kxa4 Rxc3 61. Rb3 Rc2 62. Ka3 Kc5 {Black wants to play ...d4.} 63. Rf3 $2 (63. Rb7 $11 {and White has nothing to worry.} Rg2 64. Rc7+ Kb5 65. Rb7+ Kc4 66. Rc7+ Kd4 67. Rh7) 63... Kc4 $1 $19 {Hoping for ...Rc3+.} 64. Rf5 $2 (64. Rf7 {is a better chance.}) 64... d4 $1 65. Rxh5 {[#]} d3 $1 {[%cal Rd3d2]} 66. Rh8 {[#] Strongly threatening Rc8+.} d2 $1 {Black mates.} 67. Rc8+ Kd3 68. Rd8+ Ke2 69. Re8+ Kd1 70. Kb4 Kc1 71. Rd8 Rxa2 {Weighted Error Value: White=0.18/Black=0.13} 0-1

[Event "FIDE Womens World Cup 2021"]
[Site "Sochi"]
[Date "2021.07.23"]
[Round "4.2"]
[White "Assaubayeva, Bibisara"]
[Black "Lagno, Kateryna"]
[Result "1/2-1/2"]
[WhiteElo "2389"]
[BlackElo "2559"]
[Annotator "TA"]
[PlyCount "66"]
[EventDate "2021.07.12"]
[EventType "k.o."]
[EventCountry "RUS"]
[SourceTitle "playchess.com"]
[Source "ChessBase"]
[SourceQuality "1"]

{[%evp 27,66,-7,0,-7,0,-83,56,0,0,-22,46,0,0,0,0,0,0,0,0,0,0,0,0,0,0,-2,0,0,0,0,0,0,0,0,0,-41,-35,-50,-47,-50,-46]} 1. d4 Nf6 2. c4 g6 3. Nc3 d5 4. cxd5 Nxd5 5. e4 Nxc3 6. bxc3 Bg7 7. Be3 c5 8. Qd2 Qa5 9. Rc1 cxd4 10. cxd4 Qxd2+ 11. Kxd2 O-O 12. Nf3 Nc6 {[%cal Bb8c6,Bc6b4,Bb4a2][%mdl 32]} 13. d5 Rd8 14. Ke1 {14.Kc2 is not played anymore.} Nb4 15. a3 {D85: Exchange Grünfeld: Unusual White 7th moves and lines with 7 Nf3.} Na2 16. Rc7 {[#]} (16. Rc4 $1 $11 {remains equal.}) 16... Bd7 $146 (16... Nc3 $17 17. Nd2 (17. Rxe7 Bf8 $17) 17... Rd7) ({Predecessor:} 16... Nc3 17. Bd3 f5 18. exf5 Nxd5 19. Bc4 gxf5 20. Rc5 e6 21. Bxd5 exd5 22. Bd4 Bf8 {0-1 (37) Sahl,B (2355)-Hammer,J (2633) Norway 2013}) 17. Bd3 ({White should try} 17. Bd4 $14) 17... Rac8 $11 18. Rxb7 Rb8 (18... e6 $11) 19. Rxa7 Rb3 20. Bc4 Rb1+ 21. Kd2 Rxh1 22. Bxa2 Bg4 23. Rxe7 Rb8 24. Rc7 Ra1 25. Rc2 Bd7 26. Bf4 {[#]} Ba4 $1 $36 {[%mdl 2048] Black fights for an advantage.} 27. Bxb8 Bxc2 28. Kxc2 Rxa2+ {[%mdl 64] Double Attack. KRB-KBN} 29. Kd3 Rxa3+ 30. Ke2 Ra2+ 31. Nd2 f5 {Strongly threatening ...Bc3.Black is slightly better.} 32. exf5 gxf5 33. Bf4 Kf7 {Weighted Error Value: White=0.19/Black=0.16} 1/2-1/2

[Event "FIDE Womens World Cup 2021"]
[Site "Sochi"]
[Date "2021.07.24"]
[Round "4.3"]
[White "Goryachkina, Aleksandra"]
[Black "Stefanova, Antoaneta"]
[Result "1-0"]
[WhiteElo "2596"]
[BlackElo "2463"]
[Annotator "TA"]
[PlyCount "99"]
[EventDate "2021.07.12"]
[EventType "k.o."]
[EventCountry "RUS"]
[SourceTitle "playchess.com"]
[Source "ChessBase"]
[SourceQuality "1"]

{[%evp 9,99,13,21,20,36,33,40,25,27,17,43,26,25,28,30,25,27,25,25,24,24,24,25,24,28,24,39,9,24,24,24,24,25,28,45,41,72,72,58,30,45,0,0,0,0,0,0,0,49,69,224,224,256,256,441,416,433,347,325,331,318,277,281,274,247,147,562,556,519,444,433,427,425,402,372,189,178,145,507,500,542,465,8954,8911,6729,6725,6630,5093,29982,29983,29982,29983]} 1. d4 d5 2. c4 c6 3. Nf3 e6 4. Nbd2 f5 5. g3 Nd7 6. Bg2 {D30: Queen's Gambit Declined: Systems without Nc3.} Nh6 {[#]} 7. b3 $146 ({Predecessor:} 7. Qc2 Nf7 8. b3 g5 9. e3 Bd6 10. Bb2 a5 11. h4 g4 12. Ng1 O-O 13. Ne2 {0-1 (35) Studer,N (2573)-Rapport,R (2760) Karlsruhe 2020}) 7... Nf7 8. a4 {White is slightly better.} a5 9. Qc2 Qf6 10. e3 g5 11. Bb2 Bd6 12. h4 g4 13. Ng1 O-O 14. Ne2 b6 15. O-O Ba6 16. Rfc1 Rac8 17. Qd1 Qe7 18. Rc2 Nf6 19. Rac1 Nh5 20. Nf4 Nxf4 21. exf4 Bb4 22. Bc3 h5 23. Bxb4 Qxb4 24. Qe1 Rfe8 25. Qe3 c5 $1 26. dxc5 bxc5 27. cxd5 exd5 28. Qc3 Qxc3 (28... d4 $5 {[%cal Rd4c3]} 29. Qxb4 cxb4 $11) 29. Rxc3 Re2 $2 {[#]} (29... d4 $1 $14 30. Rxc5 Rxc5 31. Rxc5 Re1+ 32. Kh2 Re2) 30. Nf1 $1 $18 d4 31. Rxc5 {[%mdl 64] Double Attack} Rd8 (31... Rxc5 32. Rxc5 Re1 33. Rxf5 Be2 34. Rxa5 (34. Rxh5 d3 $16) 34... d3) 32. Rxf5 Bc8 33. Rd5 {And now Rxd8+ would win.} Be6 34. Rxd8+ ({But not} 34. Rxa5 $6 d3 $18) 34... Nxd8 35. Rd1 Bxb3 36. Rxd4 Ne6 37. Bd5 (37. Rd6 $18) 37... Bxd5 $4 {[%mdl 8192]} (37... Kg7 $16 38. Rd3 Bxa4) 38. Rxd5 $16 {[%mdl 4160] [#] Endgame Double Attack. KRN-KRN} Ra2 39. f5 Ng7 40. Rxa5 Ne8 41. Ne3 Nf6 42. Re5 (42. Ra8+ $142 Kf7 43. Ra7+ Ke8 44. a5) 42... Rxa4 $18 43. Nd5 Nh7 {[%mdl 8192] Loses the game.} (43... Nxd5 $16 {is tougher.} 44. Rxd5 Kg7) 44. f6 Kf7 45. Rxh5 Nxf6 (45... Kg6 $142) 46. Rf5 Ke6 47. Rxf6+ Kxd5 48. Rf4 Rxf4 49. gxf4 Ke4 50. h5 {Weighted Error Value: White=0.20/Black=0.65} 1-0

[Event "FIDE Womens World Cup 2021"]
[Site "Sochi"]
[Date "2021.07.24"]
[Round "4.3"]
[White "Dzagnidze, Nana"]
[Black "Shuvalova, Polina"]
[Result "1-0"]
[WhiteElo "2523"]
[BlackElo "2489"]
[Annotator "TA"]
[PlyCount "99"]
[EventDate "2021.07.12"]
[EventType "k.o."]
[EventCountry "RUS"]
[SourceTitle "playchess.com"]
[Source "ChessBase"]
[SourceQuality "1"]

{[%evp 12,99,29,29,52,63,47,37,38,19,12,4,11,7,12,10,15,16,21,13,32,36,40,40,37,50,42,30,44,36,36,37,31,31,33,36,29,36,47,47,45,42,37,38,40,40,51,31,32,31,25,27,27,23,64,64,116,117,296,295,295,291,489,102,462,297,662,584,5185,5636,5097,2818,29964,29964,29961,29962,29936,12846,5697,5081,29981,29982,29982,29983,29982,29983,29983,29985,29985,29986]} 1. c4 e6 2. Nc3 d5 3. d4 c5 4. cxd5 exd5 5. Nf3 Nc6 6. dxc5 d4 7. Na4 Bxc5 {[%mdl 64] Decoy. D32: Tarrasch Defence: Sidelines and lines without g3.} 8. Nxc5 {Hoping for Nb3.} Qa5+ 9. Bd2 Qxc5 {White is slightly better.} 10. e3 dxe3 11. Bxe3 Qb4+ 12. Qd2 Qxd2+ 13. Bxd2 Nf6 14. Bb5 {[#]} O-O $146 ({Predecessor:} 14... Bd7 15. O-O O-O 16. Rfe1 a6 17. Bf1 Be6 18. Ng5 Bd5 19. Bc3 h6 20. Bxf6 gxf6 {1-0 (80) Santos Ruiz,M (2523)-Jirovsky,M (2448) Skopje 2018}) 15. O-O Be6 16. Bxc6 bxc6 17. Rfc1 Rfc8 18. Nd4 Bd7 19. Nb3 Ne4 20. Bf4 a5 21. f3 a4 22. fxe4 {And now Nc5 would win.} axb3 23. axb3 Rxa1 24. Rxa1 $14 {[%mdl 4096] Endgame KRB-KRB} h6 25. Bd6 Be6 26. b4 Rd8 27. e5 Bc4 28. Ra7 Re8 29. Rc7 Bd5 30. Kf2 Ra8 31. Bc5 Ra1 32. Bd4 Rd1 33. Bc3 Rc1 {White now steadily converts the win.} ({Black should try} 33... Kf8 $14) 34. Ke3 $16 Rc2 $2 {[#]} (34... h5 $16) 35. Kd4 $1 $18 Rxg2 36. Kc5 Be4 $2 ({Of course not} 36... Rxh2 37. b5 $18) (36... h5 37. b5 cxb5) 37. Rc8+ Kh7 38. Rxc6 Bxc6 $2 ({Much weaker is} 38... Rxh2 $6 39. b5 $18) (38... f5) 39. Kxc6 {KR-KB} f5 {White must now prevent ...f4.} 40. exf6 gxf6 41. b5 f5 42. b6 f4 43. b7 Rg8 44. Kc7 f3 45. Bd4 Rg7+ 46. Bxg7 {White mates.} f2 {[#]} 47. b8=Q $1 f1=Q 48. Qh8+ Kg6 49. Qxh6+ Kf7 {[#]} 50. Qf6+ $1 {Weighted Error Value: White=0.02/Black=0.63} 1-0

[Event "FIDE Womens World Cup 2021"]
[Site "Sochi"]
[Date "2021.07.24"]
[Round "4.3"]
[White "Saduakassova, Dinara"]
[Black "Kashlinskaya, Alina"]
[Result "1-0"]
[WhiteElo "2483"]
[BlackElo "2488"]
[Annotator "ChessBase"]
[PlyCount "163"]
[EventDate "2021.07.12"]
[EventType "k.o."]
[EventCountry "RUS"]
[SourceTitle "playchess.com"]
[Source "ChessBase"]
[SourceQuality "1"]
[TimeControl "1500+10"]

1. d4 {[%emt 0:00:03]} Nf6 {[%emt 0:00:01]} 2. c4 {[%emt 0:00:02]} e6 {[%emt 0:00:02]} 3. g3 {[%emt 0:00:02]} d5 {[%emt 0:00:05]} 4. Bg2 {[%emt 0:00:02]} Bb4+ {[%emt 0:00:06]} 5. Nd2 {[%emt 0:00:01]} O-O {[%emt 0:00:10]} 6. Ngf3 {[%emt 0:00:02]} dxc4 {[%emt 0:00:12]} 7. Qc2 {[%emt 0:00:18]} c5 {[%emt 0:00:18]} 8. dxc5 {[%emt 0:03:42]} Nc6 {[%emt 0:00:08]} 9. O-O {[%emt 0:00:16]} e5 {[%emt 0:00:53]} 10. Nxc4 {[%emt 0:04:16]} e4 {[%emt 0:04:57]} 11. Rd1 {[%emt 0:01:21]} Qe7 {[%emt 0:00:02]} 12. Ng5 {[%emt 0:01:49]} Bxc5 {[%emt 0:00:25]} 13. Be3 {[%emt 0:01:24]} Bf5 {[%emt 0:02:59]} 14. Bxc5 {[%emt 0:02:08]} Qxc5 {[%emt 0:00:02]} 15. Ne3 {[%emt 0:00:01]} Qxc2 {[%emt 0:00:16]} 16. Nxc2 {[%emt 0:00:01]} Rad8 {[%emt 0:03:38]} 17. Ne3 {[%emt 0:00:20]} Bg6 {[%emt 0:00:02]} 18. Nh3 {[%emt 0:01:02]} h6 {[%emt 0:01:42]} 19. Nf4 {[%emt 0:00:06]} Bh7 {[%emt 0:00:01]} 20. h4 {[%emt 0:00:22]} g5 {[%emt 0:01:09]} 21. hxg5 {[%emt 0:01:09]} hxg5 {[%emt 0:00:01]} 22. Nh3 {[%emt 0:01:47]} Nd4 {[%emt 0:00:06]} 23. Nxg5 {[%emt 0:00:39]} Nxe2+ {[%emt 0:00:45]} 24. Kf1 {[%emt 0:00:01]} Nd4 {[%emt 0:00:04]} 25. Rd2 {[%emt 0:02:22]} Nf3 {[%emt 0:03:52]} 26. Rxd8 {[%emt 0:00:33]} Rxd8 {[%emt 0:00:00]} 27. Nxf3 {[%emt 0:01:39]} exf3 {[%emt 0:00:02]} 28. Bxf3 {[%emt 0:00:01]} Rd2 {[%emt 0:00:08]} 29. b3 {[%emt 0:01:06]} Ne4 {[%emt 0:01:12]} 30. Ke1 {[%emt 0:00:26]} Rb2 {[%emt 0:00:30]} 31. Nc4 {[%emt 0:00:26]} Rc2 {[%emt 0:00:05]} 32. Ne3 {[%emt 0:00:20]} Rb2 {[%emt 0:00:01]} 33. Nd1 {[%emt 0:00:19]} Rc2 {[%emt 0:00:06]} 34. Be2 {[%emt 0:00:29]} Bg6 {[%emt 0:02:33]} 35. Ne3 {[%emt 0:00:11]} Rb2 {[%emt 0:00:34]} 36. Nc4 {[%emt 0:00:42]} Rc2 {[%emt 0:00:01]} 37. Bd3 {[%emt 0:00:31]} Rc3 {[%emt 0:00:05]} 38. Ne5 {[%emt 0:00:24]} Bh7 {[%emt 0:00:36]} 39. Rd1 {[%emt 0:00:24]} Rc5 {[%emt 0:00:58]} 40. Ng4 {[%emt 0:00:24]} Kg7 {[%emt 0:00:09]} 41. Bxe4 {[%emt 0:00:27]} Bxe4 {[%emt 0:00:01]} 42. Ne3 {[%emt 0:00:02]} Bf3 {[%emt 0:00:18]} 43. Rd4 {[%emt 0:00:07]} Rc1+ {[%emt 0:00:19]} 44. Kd2 {[%emt 0:00:01]} Ra1 {[%emt 0:00:09]} 45. Ra4 {[%emt 0:00:08]} a6 {[%emt 0:00:02]} 46. Nc2 {[%emt 0:00:15]} Rd1+ {[%emt 0:00:26]} 47. Ke3 {[%emt 0:00:01]} Bc6 {[%emt 0:00:02]} 48. Rg4+ {[%emt 0:00:05]} Kf6 {[%emt 0:00:01]} 49. Nd4 {[%emt 0:00:07]} Bd7 {[%emt 0:00:14]} 50. Rf4+ {[%emt 0:00:02]} Kg7 {[%emt 0:00:01]} 51. Nf5+ {[%emt 0:00:18]} Bxf5 {[%emt 0:02:01]} 52. Rxf5 {[%emt 0:00:01]} Ra1 {[%emt 0:00:01]} 53. Ra5 {[%emt 0:00:03]} Rd1 {[%emt 0:00:04]} 54. Rc5 {[%emt 0:00:12]} Ra1 {[%emt 0:00:28]} 55. Rc2 {[%emt 0:00:11]} Re1+ {[%emt 0:00:52]} 56. Kd4 {[%emt 0:00:24]} Re6 {[%emt 0:00:01]} 57. f4 {[%emt 0:00:19]} Rg6 {[%emt 0:00:11]} 58. Rc7 {[%emt 0:00:16]} Rb6 {[%emt 0:00:29]} 59. Kc4 {[%emt 0:00:19]} Kg6 {[%emt 0:00:02]} 60. a4 {[%emt 0:00:19]} a5 {[%emt 0:00:02]} 61. Rc5 {[%emt 0:00:01]} Rb4+ {[%emt 0:00:02]} 62. Kc3 {[%emt 0:00:05]} Re4 {[%emt 0:00:28]} 63. Rxa5 {[%emt 0:00:16]} Re3+ {[%emt 0:00:00]} 64. Kc4 {[%emt 0:00:01]} Rxg3 {[%emt 0:00:07]} 65. Rb5 {[%emt 0:00:16]} Rg4 {[%emt 0:00:01]} 66. Rxb7 {[%emt 0:00:03]} Rxf4+ {[%emt 0:00:01]} 67. Kc3 {[%emt 0:00:19]} Rf3+ {[%emt 0:00:12]} 68. Kd4 {[%emt 0:00:12]} Rf4+ {[%emt 0:00:07]} 69. Ke3 {[%emt 0:00:02]} Rf1 {[%emt 0:00:05]} 70. a5 {[%emt 0:00:05]} Ra1 {[%emt 0:00:02]} 71. b4 {[%emt 0:00:00]} f5 {[%emt 0:00:18]} 72. Rb8 {[%emt 0:00:07]} Kg5 {[%emt 0:00:15]} 73. Rg8+ {[%emt 0:00:10]} Kf6 {[%emt 0:00:02]} 74. Kd4 {[%emt 0:00:02]} f4 {[%emt 0:00:45]} 75. Rf8+ {[%emt 0:00:03]} Kg5 {[%emt 0:00:01]} 76. Kc5 {[%emt 0:00:04]} Kg4 {[%emt 0:00:08]} 77. Kb6 {[%emt 0:00:04]} f3 {[%emt 0:00:01]} 78. b5 {[%emt 0:00:03]} Kg3 {[%emt 0:00:42]} 79. a6 {[%emt 0:00:02]} f2 {[%emt 0:00:02]} 80. a7 {[%emt 0:00:07]} Ra4 {[%emt 0:00:03]} 81. Rxf2 {[%emt 0:00:06]} Kxf2 {[%emt 0:00:02]} 82. Kb7 {[%emt 0:00:01]} 1-0